00686 a2200205 4500001000700000020001800007040003200025100001900057245001700076250001300093260001100106300003400117362000900151490002200160520021600182650001200398650001900410650002100429650003000450124374 a9780007130115 cEscola Canadense de Niteroi aAlborough, Jez10aCaptain Duck a1st. ed. aLondon a40 p.c5 x 0.5 x 9.75 inches 0 a20030 aDuck in the truck aGoat thinks his boat is safely moored. He doesn't see Duck jump on board. Soon Sheep and Frog are all at sea with their map and thermos of tea. Who knows what dangers are afloat when Duck is captain of the boat? 4aSailing 4aTransportation 4aHumorous stories 4aKindergarten's Literature